000 00665nam a22001937a 4500
005 20241211161619.0
010 _aDEC24SC ENG-142966
020 _a9789355017284
_c549.00
035 _aEN-126498
037 _bDBAD
082 _a000
_21
100 _aAggarwal, R.S.
_975021
245 _aS. Chand's SSC Reasoning 6500+ TCS MCQs | Topic Wise Coverage/
_cBy R.S. Aggarwal
250 _a1
260 _aNew Delhi
_bS Chand and Company Limited
_c2023
270 _a A-27, 2nd Floor, Mohan Co-operative Industrial Estate
_bNew Delhi
_e110044
_minfo@schandpublishing.com
_k011-49731800
300 _a531p.
_c26cm(pb)
942 _2ddc
_cEN
_h000
_mAGG
_e1
999 _c207615
_d207615